| 000 | 01066nam a2200265Ia 4500 | ||
|---|---|---|---|
| 003 | OSt | ||
| 005 | 20210519154720.0 | ||
| 008 | 210310s1967 ar ado gr 000 0 spa d | ||
| 040 |
_aCO-JMCR _cCO-JMCR |
||
| 041 | 1 |
_aspa _heng |
|
| 082 | 0 | 4 |
_a330.973 / _bR652h _223 |
| 100 | 1 |
_aRobertson, Ross M., _eautor _926193 |
|
| 245 | 1 | 0 |
_aHistoria de la economía norteamericana : _bun certero análisis de los ciclos económicos, desde la colonia hasta la organización industrial de nuestros días / _cRoss M. Robertson ; traducción, Juan R. Bach |
| 250 | _aSegunda edición | ||
| 260 |
_aArgentina : _bBibliografía Argentina, _c1967 |
||
| 300 |
_a494 páginas : _bilustraciones, gráficas y fotografías en blanco y negro ; _c19 cm. |
||
| 490 | 0 | _aAmérica en letras | |
| 500 | _aIncluye índice analítico. | ||
| 504 | _aBibliografía : páginas 463-484. | ||
| 505 | 0 | _aDesde 1921 hasta actualidad. -- | |
| 650 | 1 | 4 |
_aHistoria económica _937680 |
| 650 | 2 | 4 |
_aEconomía Norteamericana _937681 |
| 700 | 1 |
_aBach, Juan R., _etraductor _937682 |
|
| 942 |
_2ddc _cBK |
||
| 999 |
_c11687 _d11687 |
||